Vista normal
Vista MARC
Entrada Personal Name
Número de registros utilizados en: 1
001 - CONTROL NUMBER
- control field: 5422
003 - CONTROL NUMBER IDENTIFIER
- control field: OSt
005 - DATE AND TIME OF LATEST TRANSACTION
- control field: 20210113125246.0
008 - FIXED-LENGTH DATA ELEMENTS
- fixed length control field: 170830 a|ac|n|aab||||||||||||a |n|||||||
010 ## - LIBRARY OF CONGRESS CONTROL NUMBER
- LC control number: 83311420
040 ## - CATALOGING SOURCE
- Original cataloging agency: DLC
- Language of cataloging: spa
- Description conventions: rda
- Transcribing agency: Mx-PuUPA
- Modifying agency: DLC
- Modifying agency: Mx-PuUPA
100 1# - HEADING--PERSONAL NAME
- Personal name: Defliese, Philip L.,
374 ## - OCCUPATION
- Occupation: Autor
375 ## - GENDER
- Gender: hombre
377 ## - ASSOCIATED LANGUAGE
- Language code: eng
670 ## - SOURCE DATA FOUND
- Source citation: Montgomery, R.H. Montgomery’s auditing, 1984:
- Information found: CIP t.p. (Philip L. Defliese, C.P.A.; prof., Grad. School of Business, Columbia Univ.)
670 ## - SOURCE DATA FOUND
- Source citation: LC data base, 3/14/84
- Information found: (hdg.: Defliese, Philip L.)
670 ## - SOURCE DATA FOUND
- Source citation: Biblioteca del Congreso (Estados Unidos), 30 agosto 2017:
- Information found: catálogo electrónico:
- Uniform Resource Identifier: https://goo.gl/EJBpze